Problematika tvorby a aplikace organizačních a řídicích norem sborník

Saved in:
Bibliographic Details
Format: Book
Language:Czech
Published: Praha Dům techniky ČSVTS 1982
Tags: Add Tag
No Tags, Be the first to tag this record!

MARC

LEADER 00000nam a2200000 4500
001 c115095
005 20181203150330.5
041 0 |a cze 
044 |a CZ 
245 1 0 |a Problematika tvorby a aplikace organizačních a řídicích norem  |b sborník 
264 1 |a Praha  |b Dům techniky ČSVTS  |c 1982 
300 |a 138 s.